Smrt v životě člověka / Anselm Grün ; [z němčiny přeložil Jiří Kaplan]
Record details
- ISBN: 80-7192-221-8
- Physical Description: 71 s. ; 21 cm
- Edition: Vyd. v KN 1.
- Publisher: Kostelní Vydří : Karmelitánské nakladatelství, 1997
Search for related items by subject
| Subject: | umírání > křesťanské pojetí vzkříšení > křesťanské pojetí posmrtný život > křesťanské pojetí reinkarnace > křesťanské pojetí smrt > křesťanské pojetí |
| Genre: | pojednání |
Search for related items by series
Available copies
- 2 of 2 copies available at Common Catalog SPOK.
Holds
- 0 current holds with 2 total copies.
Show Only Available Copies
| Location | Call Number / Copy Notes | Barcode | Shelving Location | Status | Due Date |
|---|---|---|---|---|---|
| Jabok Library | PT-7.2 | 424480000323 | Odborná literatura | Available | - |
| Jabok Library | PT-7.2 | 424480002739 | Odborná literatura | Available | - |
| LDR | 01502nam a2200421 a 4500 | ||
|---|---|---|---|
| 001 | 11797 | ||
| 003 | CZ-PrJAB | ||
| 005 | 20191106131933.0 | ||
| 007 | tu | ||
| 008 | 971021s1997 xr e 000 0 cze | ||
| 015 | . | ‡acnb000277013 | |
| 020 | . | ‡a80-7192-221-8 ‡q(brož.) : ‡cKč 53,00 | |
| 035 | . | ‡a(CZ PrNK)cpk19970277013 | |
| 035 | . | ‡a(OCoLC)38295913 | |
| 040 | . | ‡aABA001 ‡bcze | |
| 041 | 1 | . | ‡acze ‡hger |
| 072 | 7. | ‡a27-1/-2 ‡xKřesťanská teologie. Dogmatická teologie ‡2Konspekt ‡95 | |
| 080 | . | ‡a122/129 ‡2undef | |
| 080 | . | ‡a21 ‡2undef | |
| 080 | . | ‡a23/28 ‡2undef | |
| 080 | . | ‡a17 ‡2undef | |
| 100 | 1 | . | ‡aGrün, Anselm, ‡d1945- ‡7jn19990002960 ‡4aut |
| 245 | 1 | 0. | ‡aSmrt v životě člověka / ‡cAnselm Grün ; [z němčiny přeložil Jiří Kaplan] |
| 250 | . | ‡aVyd. v KN 1. | |
| 260 | . | ‡aKostelní Vydří : ‡bKarmelitánské nakladatelství, ‡c1997 | |
| 300 | . | ‡a71 s. ; ‡c21 cm | |
| 490 | 1 | . | ‡aDuchovní život |
| 650 | 0 | 7. | ‡aumírání ‡7ph126927 ‡xkřesťanské pojetí ‡2czenas |
| 650 | 0 | 7. | ‡avzkříšení ‡7ph127312 ‡xkřesťanské pojetí ‡2czenas |
| 650 | 0 | 7. | ‡aposmrtný život ‡7ph115824 ‡xkřesťanské pojetí ‡2czenas |
| 650 | 0 | 7. | ‡areinkarnace ‡7ph116033 ‡xkřesťanské pojetí ‡2czenas |
| 650 | 0 | 7. | ‡asmrt ‡7ph116193 ‡xkřesťanské pojetí ‡2czenas |
| 655 | 7. | ‡apojednání ‡7fd133056 ‡2czenas | |
| 700 | 1 | . | ‡aKaplan, Jiří ‡7kpwa2781 ‡4trl |
| 765 | 0 | . | ‡tLeben aus dem Tod ‡9Česky |
| 830 | 0. | ‡aDuchovní život | |
| 910 | . | ‡aABG312 | |
| 995 | . | ‡aska | |
| 901 | . | ‡a11797 ‡bCZ-PrJAB ‡c11797 ‡tbiblio | |